00480nam a22001577a 4500008004100000020001800041040005500059080001500114245005500129260003700184300001600221500001700237650002100254653002400275700002300299230804b |||||||| |||| 00| 0 eng d a0-12-037505-2 aNational Science LibrarycNational Science Library a577.17(05) aAdvances in steroid biochemistry and pharmacology  aLondon: bAcademic Press, c1976 axvii, 373p. a Vol. 5 1976 aComputerization  aDictionary symbols  aBriggs, M H (Ed.)